|
|
|
|
| LEADER |
00000nam a22000007a 4500 |
| 005 |
20190917131844.0 |
| 007 |
cr|||| |||| |
| 008 |
190917s2019 uk |||||s|||| 00||0 eng d |
| 020 |
|
|
|a 9786138574118
|
| 035 |
|
|
|a 25245
|
| 040 |
|
|
|a vLex
|
| 090 |
|
|
|c 9541
|d 9541
|
| 100 |
1 |
|
|a Jibir, Zuhair
|
| 245 |
1 |
0 |
|a An Overview of policy Framework and Environmental Laws Challenges
|h [Recurso electrn̤ico] /
|c Zuhair Jibir
|
| 256 |
|
|
|a Servicio en ln̕ea
|
| 260 |
|
|
|a Londres:
|b Scholars' Press,
|c 2019
|
| 300 |
|
|
|a 1 recurso electrn̤ico
|
| 500 |
|
|
|a Environmental concern has gone beyond academic and social rhetorics. It has since become a focus of international attention which the United Nations Organization has been actively agitating for its sustainability through various conventions, summits, conferences and protocols. Every government concerned with sustainable clean and safe environment must take the first step of formulating a policy framework for the protection of the environment. Such policy framework must identify the subject matter which the laws seek to protect. Such subject matter include air, land and both surface and underground water protection.
|
| 506 |
1 |
|
|a Disponible solo en los productos indicados
|d vLex Global
|d vLex Global (Academic Edition, excluding Law Schools)
|d vLex Global (U.S. Academic Edition, Law Schools)
|d vLex Global (U.S. Academic Edition, excluding Law Schools)
|d vLex Global (Academic Edition, Law Schools)
|
| 650 |
0 |
4 |
|a Derecho Pb︢lico y Administrativo
|z Inglaterra
|
| 740 |
0 |
|
|a vLex Libros (Servicio en ln̕ea)
|
| 856 |
4 |
0 |
|u http://vlex.com/source/25245
|z Acceso restringido
|
| 942 |
|
|
|c BOOK
|
| 999 |
0 |
|
|a Public and Administrative Law
|